Statistics for Nba quiz

Click here to take the quiz!

General Stats

  • This quiz has been taken 35 times
  • The average score is 10 of 13

Answer Stats

HintAnswer% Correct
Has the most three pointers in the nbacurry
97%
5thcurry
97%
Who is better magic or currycurry
97%
greatest of alltimejordan
97%
3rdlebron
90%
is lebron the goatno
87%
4thkarreem
73%
2ng greatestkobe
73%
most shots missedkobe
73%
tallest ever in the nbabol
70%
6thwilt
67%
most 60 point games in historywilt
67%
7thbird
60%

Score Distribution

Percentile by Number Answered

Percent of People with Each Score

Your Score History

You have not taken this quiz